000 00745cab a2200229 4500
001 ABS59223
008 090401t1998 xxu||||| |||| 00| 0 eng d
035 _a(Sirsi) u87926
041 _aeng
245 _aNuisance and the rights of property
260 _c1998
350 _a0
490 _aThe Conveyancer
_v(62) July/August 1998, 267-287(16)
520 _aDiscusses the role of the tort of private nuisance and the extent to which property interests are safeguarded and what a plaintiff can sue for. Considers "Hunter v Canary Wharf".
650 _aHUNTER V CANARY WHARF
650 _aNEGLIGENCE
650 _aNUISANCE
650 _aPRIVATE NUISANCE
690 _aPROPERTY LAW AND PRACTICE
942 _n0
948 _c10/08/1998
999 _c55488
_d55488